|
|
|
|
| LEADER |
00000nam0a2200000 4500 |
| 001 |
269632 |
| 005 |
20231101234254.0 |
| 010 |
|
|
|a 5699146679
|
| 035 |
|
|
|a (RuTPU)RU\TPU\book\292809
|
| 090 |
|
|
|a 269632
|
| 100 |
|
|
|a 20140919d2006 m y0rusy50 ca
|
| 101 |
1 |
|
|a rus
|c eng
|
| 102 |
|
|
|a RU
|
| 105 |
|
|
|a y z 000ay
|
| 200 |
1 |
|
|a Магический круг
|e пер. с англ.
|e роман
|f К. Нэвилл
|
| 210 |
|
|
|a Москва
|c Эксмо
|a Санкт-Петербург
|c Домино
|d 2006
|
| 215 |
|
|
|a 608 с.
|
| 225 |
1 |
|
|a Книга-загадка, книга-бестселлер
|
| 330 |
|
|
|a После смерти своего двоюродного брата, погибшего при взрыве автомобиля, Ариель Бен становится единственной наследницей семейной реликвии — собрания зашифрованных рукописей. В этих манускриптах содержится разгадка событий, происходивших в Римской империи две тысячи лет назад. Тот, кто отыщет ключ к древней тайне, сможет вершить судьбы мира.Обладание манускриптами ввергает Ариэль в самый центр международного заговора и ставит ее жизнь под угрозу. Чтобы спастись, она вынуждена искать ответы на темные загадки прошлого.Мировой бестселлер Кэтрин Нэвилл впервые выходит на русском языке.
|
| 606 |
1 |
|
|a Американская литература (англо-язычная литература)
|2 stltpush
|3 (RuTPU)RU\TPU\subj\28887
|9 52349
|
| 610 |
1 |
|
|a романы
|
| 610 |
1 |
|
|a приключения
|
| 610 |
1 |
|
|a тайны
|
| 675 |
|
|
|a 82
|v 3
|
| 700 |
|
1 |
|a Нэвилл
|b К.
|g Кэтрин
|
| 801 |
|
1 |
|a RU
|b 63413507
|c 20140919
|
| 801 |
|
2 |
|a RU
|b 63413507
|c 20140925
|g RCR
|
| 942 |
|
|
|c BK
|